All Along the Watchtower - Lyrics - Statistics

General Stats
  • This quiz has been taken 6 times
  • The average score is 15 of 24
Answer Stats
Verse Line Lyrics % Correct
3 'There are many here ________' among us
100%
1 'There's too much _______' confusion
100%
3 'Who feel that life is but a ____, but, uh' joke
100%
1 'Said the ____ to the thief' joker
100%
1 'I can't get no _____' relief
100%
2 '___________, they, they drink my wine' Businessmen
83%
3 'No reason to get ______' excited
83%
4 'The ____ getting late, hey, hey' hour's
83%
6 'And the wind, began to ____, hey' howl
83%
1 'There must be some kind of way ________' out of here
83%
2 '_______ dig my earth' Plowmen
83%
4 'But you and I, we've been through ____' that
83%
3 'The ____, he kindly spoke' thief
83%
4 'So let us not talk ______, now' falsely
50%
4 'And this is not our ___' fate
50%
6 'Two ____ were approaching' riders
50%
6 'A ______ did growl' wildcat
50%
5 'While all the women _________' came and went
33%
6 'Outside in the ____ distance' cold
33%
5 'Barefoot _______, too, but, uh' servants
33%
2 'None will ____ on the line' level
17%
2 '______ of it is worth, hey, hey' Nobody
17%
5 '________ kept the view' Princess
17%
7 'Gotta beware, gotta beware, _____' I will
0%
No matching quizzes found
Score Distribution
Percent of People with Each Score
Percentile by Number Answered
Your Score History
You have not taken this quiz